| 000 | 00514nam a2200169 4500 | ||
|---|---|---|---|
| 001 | 140127 | ||
| 003 | ES-MaACL | ||
| 005 | 20230906200019.0 | ||
| 007 | t| | ||
| 008 | 070214s1972 sp r ||||1| spa d | ||
| 100 | 1 |
_aSchuh, J. F. _9104750 |
|
| 245 | 1 | 0 |
_aPrincipios de automatización / _cJ. F. Schuh ; traducción de Jorge Elías Ferraresi. |
| 260 |
_aMadrid : _bParaninfo, _c1972. |
||
| 300 |
_a451 p. : _bil. ; _c22 cm. |
||
| 700 | 1 |
_aFerraresi, Jorge Elías. _950301 |
|
| 852 |
_aES-MaACL _jC-42755 _bR.81258 |
||
| 999 |
_c140127 _d140127 |
||